| 000 | 00875nam a2200229Ii 4500 | ||
|---|---|---|---|
| 003 | JO-AjNU | ||
| 008 | 230605s9999||||xx |||||||||||||| ||und|| | ||
| 017 | _a1433/195 | ||
| 020 | _a978-603-90298-8-5 | ||
| 040 |
_aJO-AjNU _bara _erda _cJO-AjNU |
||
| 041 | _aara | ||
| 050 | 1 | 4 | _aJX1995.2012 |
| 100 | 3 |
_a محمد، محمد نصر , _eauthor _944663 |
|
| 245 | 0 | 0 | _aالوافي في شرح المعاهدات الدولية في ظل أحكام اتفاقية فيينا لقانون المعاهدات لسنة 1969 |
| 250 | _aط1 | ||
| 264 | 3 | 1 | _aالرياض : مكتبة القانون والاقتصاد ، 2012 |
| 300 | _a174ص | ||
| 336 |
_atext _btxt _2rdacontent |
||
| 337 |
_aunmediated _bn _2rdamedia |
||
| 338 |
_avolume _bnc _2rdacarrier |
||
| 650 | 4 |
_aالمعاهدات -- العلاقات الدولية -- الاتفاقيات الدولية _944664 |
|
| 999 |
_aA19301 _c22869 _d22869 |
||